Debat i votació de la proposta de reforma de l'Estatut d'autonomia de Catalunya : ple del Parlament, 28, 29 i 30 de setembre de 2005 / Parlament de Catalunya ple del Parlament, 28, 29 i 30 de setembre de 2005 / Parlament de Catalunya
Descripción Física:
282 p. ; 26 cm
Colección:
Quaderns de l'Estatut ; 1
MARC
| LEADER | 00000nam a2200000Ia 4500 | ||
|---|---|---|---|
| 001 | 17398 | ||
| 008 | 160829s2006 xx 000 0 cat d | ||
| 080 | |a D-3-97 | ||
| 110 | 1 | |a Catalunya. |b Parlament |9 11492 | |
| 245 | |a Debat i votació de la proposta de reforma de l'Estatut d'autonomia de Catalunya : |b ple del Parlament, 28, 29 i 30 de setembre de 2005 / Parlament de Catalunya | ||
| 250 | |a Ed. no venal | ||
| 260 | |a Barcelona : |b Parlament de Catalunya, |c 2006 | ||
| 300 | |a 282 p. ; |c 26 cm | ||
| 490 | |a Quaderns de l'Estatut ; 1 | ||
| 650 | |a Reforma legal |x Catalunya |9 37727 | ||
| 650 | |a Parlaments |x Catalunya |9 37728 | ||
| 650 | |a Catalunya |9 67048 | ||
| 901 | |a Arxiu | ||
| 942 | |n 1 | ||
| 952 | |0 1 |1 0 |2 udc |4 0 |5 2 |6 D397 |7 1 |9 48028 |a Arxiu |b Arxiu |d 2016-12-01 |l 0 |o D-3-97 |p 17398 |r 2016-12-01 00:00:00 |w 2016-12-01 |y ARXIU | ||
| 999 | |c 51829 |d 51829 | ||